[Event "Nordic-ch"]
[Site "Sarpsborg"]
[Date "2019.06.26"]
[Round "8"]
[White "Neretljak, Nedzad"]
[Black "Johansen, Kolbjorn Albin"]
[Result "1-0"]
[WhiteElo "2114"]
[BlackElo "1690"]
[PlyCount "107"]
[EventDate "2019.06.21"]
[EventType "swiss"]
[EventRounds "9"]
[EventCountry "NOR"]
[SourceTitle "CBM 191 Extra"]
[Source "ChessBase"]
[SourceDate "2019.09.30"]
[SourceVersion "1"]
[SourceVersionDate "2019.09.30"]
[SourceQuality "1"]

1. e4 c6 2. d4 d5 3. e5 Bf5 4. Ne2 e6 5. Ng3 Bg6 6. h4 h6 7. Bd3 Bxd3 8. Qxd3 h5 9. Nd2 g6 10. Nf3 Qa5+ 11. c3 Qa6 12. Qxa6 Nxa6 13. Bg5 Be7 14. 0-0 Bxg5 15. Nxg5 Ne7 16. Rfe1 0-0 17. Ne2 Nf5 18. g3 c5 19. Rad1 cxd4 20. Nxd4 Nxd4 21. Rxd4 Rac8 22. Red1 b5 23. g4 Rc4 24. gxh5 gxh5 25. R1d3 Rxd4 26. cxd4 Rc8 27. Rg3 Kf8 28. Nh7+ Ke7 29. Nf6 Nb4 30. Nxh5 Rh8 31. Nf6 Nc6 32. Rg4 Nb8 33. Rf4 Rf8 34. Rg4 Rh8 35. Kg2 Nd7 36. Nxd7 Kxd7 37. Kg3 Ke7 38. Rg5 a5 39. h5 Rc8 40. Kg2 b4 41. Kf3 a4 42. h6 Rh8 43. Rh5 Rh7 44. Kg4 f6 45. Rh1 fxe5 46. dxe5 Kf8 47. Kg5 Kg8 48. Rc1 Rf7 49. Kg6 Rf8 50. f4 d4 51. Rc6 b3 52. axb3 axb3 53. Rd6 Rxf4 54. Rd8+ 1-0

[Event "Nordic-ch"]
[Site "Sarpsborg"]
[Date "2019.06.22"]
[Round "3"]
[White "Johansen, Kolbjorn Albin"]
[Black "Wahlund, Max"]
[Result "1-0"]
[WhiteElo "1690"]
[BlackElo "2103"]
[PlyCount "85"]
[EventDate "2019.06.21"]
[EventType "swiss"]
[EventRounds "9"]
[EventCountry "NOR"]
[SourceTitle "CBM 191 Extra"]
[Source "ChessBase"]
[SourceDate "2019.09.30"]
[SourceVersion "1"]
[SourceVersionDate "2019.09.30"]
[SourceQuality "1"]

1. d4 Nf6 2. Bf4 d6 3. Nc3 Nbd7 4. e4 e5 5. Be3 Be7 6. f3 c6 7. Qd2 b5 8. 0-0-0 Qa5 9. Kb1 b4 10. Nce2 Nb6 11. Nc1 Be6 12. Nh3 c5 13. d5 Nbxd5 14. exd5 Nxd5 15. Nb3 Qb6 16. Bf2 h6 17. Bc4 Nc7 18. Bxe6 fxe6 19. Qd3 0-0 20. Qg6 Qb5 21. Rhe1 c4 22. Nd2 d5 23. Rxe5 Bf6 24. f4 Bxe5 25. fxe5 c3 26. Nf3 Rf7 27. Be3 Kf8 28. Nf4 Re8 29. Nd4 Qa6 30. Nb3 cxb2 31. Qh7 Ke7 32. Qg6 Nb5 33. Bc5+ Kd8 34. Bxb4 Rxf4 35. Rxd5+ Kc7 36. Qxe8 exd5 37. Ba5+ Qxa5 38. Nxa5 Kb6 39. Qd8+ Ka6 40. Nb3 Na3+ 41. Kxb2 Nc4+ 42. Kc3 Nb6 43. Kd3 1-0

[Event "Honefoss CC-ch"]
[Site "Honefoss"]
[Date "2019.01.22"]
[Round "2"]
[White "Kvamme, Roy"]
[Black "Johansen, Kolbjorn Albin"]
[Result "1-0"]
[WhiteElo "2128"]
[BlackElo "1698"]
[PlyCount "81"]
[EventDate "2019.01.08"]
[EventType "swiss"]
[EventRounds "9"]
[EventCountry "NOR"]
[SourceTitle "EXT 2024"]
[Source "ChessBase"]
[SourceDate "2023.10.10"]
[SourceVersion "1"]
[SourceVersionDate "2023.10.10"]
[SourceQuality "1"]

1. e4 d6 2. d4 Nf6 3. Nc3 Nbd7 4. Bc4 e5 5. Nf3 Be7 6. h3 c6 7. a4 a5 8. Be3 Qc7 9. 0-0 h6 10. Nh4 exd4 11. Bxd4 Nc5 12. Qf3 Be6 13. Be2 0-0 14. Nf5 Bxf5 15. Qxf5 Qd7 16. Qf3 Ne6 17. Be3 Qc7 18. Qg3 Kh8 19. f4 d5 20. e5 Ne4 21. Nxe4 dxe4 22. f5 Ng5 23. h4 Nh7 24. Qf4 f6 25. e6 Qe5 26. c3 Bc5 27. Qf2 Bxe3 28. Qxe3 Rfd8 29. Rf4 Re8 30. Bh5 Re7 31. Raf1 c5 32. Rxe4 Qc7 33. Rd1 Nf8 34. Rd5 b6 35. c4 Rd8 36. Qd3 Rxd5 37. Qxd5 Kh7 38. Bf7 Qb8 39. Rg4 Qc8 40. Qf3 Qb8 41. Rxg7+ 1-0

[Event "Honefoss CC-ch"]
[Site "Honefoss"]
[Date "2019.01.15"]
[Round "1"]
[White "Sandum, Haavard"]
[Black "Johansen, Kolbjorn Albin"]
[Result "0-1"]
[WhiteElo "1544"]
[BlackElo "1698"]
[PlyCount "80"]
[EventDate "2019.01.08"]
[EventType "swiss"]
[EventRounds "9"]
[EventCountry "NOR"]
[SourceTitle "EXT 2024"]
[Source "ChessBase"]
[SourceDate "2023.10.10"]
[SourceVersion "1"]
[SourceVersionDate "2023.10.10"]
[SourceQuality "1"]

1. d4 d5 2. Bf4 Bf5 3. e3 e6 4. c3 Bd6 5. Bg3 Nf6 6. Bd3 Bg6 7. Bxd6 Qxd6 8. Nf3 Nbd7 9. Bxg6 hxg6 10. Nbd2 g5 11. c4 c6 12. c5 Qc7 13. Nf1 Ne4 14. b4 a5 15. Qb3 b5 16. N3d2 Nxd2 17. Kxd2 axb4 18. Qxb4 Ra4 19. Qb2 Ke7 20. Ke2 Rha8 21. Nd2 Qa7 22. Kf3 Rxa2 23. Rxa2 Qxa2 24. Qxa2 Rxa2 25. Nb3 f5 26. g3 Nf6 27. Ra1 Rxa1 28. Nxa1 g4+ 29. Ke2 Ne4 30. Nc2 Ng5 31. Kf1 Kd7 32. Nb4 Kc7 33. Kg2 Kb7 34. Kf1 Nf3 35. Kg2 Ne1+ 36. Kf1 Nf3 37. Kg2 Ne1+ 38. Kf1 Nf3 39. Kg2 g6 40. Kh1 e5 0-1

[Event "NOR-ch Class2"]
[Site "Sarpsborg"]
[Date "2018.07.14"]
[Round "9"]
[White "Jacobsen, Trond"]
[Black "Johansen, Kolbjorn Albin"]
[Result "1/2-1/2"]
[WhiteElo "1657"]
[BlackElo "1688"]
[PlyCount "38"]
[EventDate "2018.07.07"]
[EventType "swiss"]
[EventRounds "9"]
[EventCountry "NOR"]
[SourceTitle "EXT 2024"]
[Source "ChessBase"]
[SourceDate "2023.10.10"]
[SourceVersion "1"]
[SourceVersionDate "2023.10.10"]
[SourceQuality "1"]

1. d4 d5 2. c4 Bf5 3. Nc3 e6 4. cxd5 exd5 5. Qb3 Nc6 6. Nf3 Nf6 7. a3 Na5 8. Qa4+ c6 9. e3 Bd6 10. Bd2 Bc7 11. b4 Nc4 12. Bxc4 dxc4 13. b5 Bd3 14. bxc6 0-0 15. cxb7 Rb8 16. Qxa7 Re8 17. Ng5 Bb6 18. Qa6 Bxd4 19. Rc1 Ng4 1/2-1/2